000
00289nam a22001337a 4500
008
180914b xxu||||| |||| 00| 0 eng d
020
_a
9780073661711
041
_a
eng
080
_a
911
100
_a
42
101
_a
GJEO
245
_a
Textbook of Dendrology
_c
Hardin
942
_2
udc
_c
BK
999
_c
47792
_d
47792